Catálogo
 En Linea

Crecimiento económico y calidad de vida / (Registro nro. 22638)

Detalles MARC
000 -CABECERA
campo de control de longitud fija 00945nam a2200241 a 4500
001 - NÚMERO DE CONTROL
campo de control 000023141
005 - FECHA Y HORA DE LA ÚLTIMA TRANSACCIÓN
campo de control 20240514195118.0
008 - DATOS DE LONGITUD FIJA--INFORMACIÓN GENERAL
campo de control de longitud fija 101129s1977 ag a 000 0 spa d
040 ## - FUENTE DE LA CATALOGACIÓN
Centro catalogador/agencia de origen DO-SdBNP
Lengua de catalogación spa
Centro/agencia transcriptor BNPHU
082 ## - NÚMERO DE LA CLASIFICACIÓN DECIMAL DEWEY
Número de clasificación 338.9
Número de documento/Ítem L773c
049 ## - FONDOS LOCALES (OCLC)
Fondos de biblioteca BNGR
100 1# - ENTRADA PRINCIPAL--NOMBRE DE PERSONA
Nombre de persona List, Peter C.
9 (RLIN) 47652
240 10 - TÍTULO UNIFORME
Título uniforme Social and economic views on the quality of life.
Lenguaje de la obra Español
245 10 - MENCIÓN DE TÍTULO
Título Crecimiento económico y calidad de vida /
Mención de responsabilidad, etc. Peter C. List y Ronald O. Clarke ; traducción Leticia Helperin Donghi ; prólogo Jorge A. Pregoraro.
260 ## - PUBLICACIÓN, DISTRIBUCIÓN, ETC.
Lugar de publicación, distribución, etc. Buenos Aires :
Nombre del editor, distribuidor, etc. Troquel,
Fecha de publicación, distribución, etc. 1977.
300 ## - DESCRIPCIÓN FÍSICA
Extensión vii, 214 p. :
Otras características físicas il. ;
Dimensiones 19 cm.
534 ## - NOTA SOBRE LA VERSIÓN ORIGINAL
Encabezamiento principal del original Título de la obra en inglés :
Mención de título del original Social and economic views on the quality of life
650 #4 - PUNTO DE ACCESO ADICIONAL DE MATERIA--TÉRMINO DE MATERIA
Término de materia o nombre geográfico como elemento de entrada Crecimiento económico
9 (RLIN) 8530
650 #0 - PUNTO DE ACCESO ADICIONAL DE MATERIA--TÉRMINO DE MATERIA
Término de materia o nombre geográfico como elemento de entrada Calidad de vida
9 (RLIN) 85379
700 1# - PUNTO DE ACCESO ADICIONAL--NOMBRE DE PERSONA
Nombre de persona Clarke, Ronald O.
9 (RLIN) 47653
700 1# - PUNTO DE ACCESO ADICIONAL--NOMBRE DE PERSONA
Nombre de persona Helperin Donghi, Leticia,
Término indicativo de función/relación tr.
9 (RLIN) 47654
700 1# - PUNTO DE ACCESO ADICIONAL--NOMBRE DE PERSONA
Nombre de persona Pregoraro, Jorge A.,
Término indicativo de función/relación pról.
9 (RLIN) 47655
Existencias
Estado de retiro Estado de pérdida Restricciones de uso No para préstamo Código de colección Localización permanente Ubicación/localización actual Ubicación en estantería Fecha de adquisición Número de inventario Total de préstamos Signatura topográfica completa Código de barras Fecha visto por última vez Precio válido a partir de Tipo de ítem Koha
        Monografías: Libros y Folletos General General En catalogación 29.11.2010 LF1   338.9 L773c 23141-10 25.06.2020 25.06.2020 Préstamo en sala

Con tecnología Koha